000 00777cam a22001814a 4500
005 20250605164357.0
008 250528s ||||||||||||||||||||||||d
035 _a24409
040 _aGR-AtMCL
_bgre
_dGR-AtMCL
_eAACR2
245 1 _aA New Path to Your Success / Reimagine How Healthcare Should Work
260 _bRussel Publishing Ltd,
_c2018
300 _a46
520 _aBrexit: A US Perspective on How Pharma Companies are Planning to Cope with the Uncertainties, Environmental Monitoring: Overcoming Disinfectant Residues with Culture Media Neutralisers, Biopharma Processing and Development: Unlocking the Potential of New Technologies such as Lab-on-a-Chip.
700 1 _aStones Mike
_99461
942 _cCR
999 _c9293
_d9293